Les classiques de Booba - Statistiques

Statistiques générales
  • Ce quiz a été pris 310 fois
  • Le résultat moyen est 7 sur 25
Statistiques - réponses
Hint Réponse % Correct
Boulbi
67%
Nero Nemesis 92i Veyron
66%
Pitbull
62%
Kalash
56%
Panthéon Tallac
52%
Temps Mort Ma définition
39%
N. 10
37%
Futur 2.0 A.C Milan
36%
Comme une étoile
28%
Ouest Side Le Duc de Boulogne
26%
Trône Ridin'
25%
Génération Assassin
24%
3G
23%
Turfu
22%
Ouest Side
21%
Paradis
21%
Temps Mort 2.0
21%
Repose en paix
20%
D.U.C Tony Sosa
17%
Lunatic Jour de Paye
15%
Futur Wesh Morray
14%
Comme les autres
11%
Mon son
9%
La mort leur va si bien
8%
T.L.T
6%
Aucun quiz correspondant
Distribution des résultats
% des personnes avec chaque résultat
Percentile par nombre de réponses
Votre historique - résultats
Vous n’avez pas pris ce quiz